Films avec Kev Adams - Mort subite - Statistiques

Statistiques générales
  • Ce quiz a été pris 1 393 fois
  • Le résultat moyen est 6 sur 15
Answers on the Grid
Answers color-coded by a green-red scale on the quiz's grid according to % correct below.
Les Profs
Les Nouvelles Aventures d'Aladin
Un sac de billes
Les Profs 2
Maison de retraite
Maison de retraite 2
Haters
Gangsterdam
Kidon
Certains l'aiment chauve
Tout là-haut
Love Addict
Amis publics
Alad'2
Comme par magie
Va là-bas
Les Dalton
Astérix et Obélix : L'Empire du Milieu
Les Profs 3
Maison de retraite 3
Gangsterdam : la suite
Stop !
Venise n'est pas en Italie
Adieu les cons
 
Statistiques - réponses
Réponse % Correct
Les Profs 2
72%
Alad'2
69%
Les Profs
66%
Maison de retraite
55%
Les Nouvelles Aventures d'Aladin
54%
Maison de retraite 2
50%
Gangsterdam
36%
Certains l'aiment chauve
33%
Love Addict
31%
Amis publics
26%
Haters
22%
Un sac de billes
22%
Comme par magie
9%
Tout là-haut
8%
Kidon
6%
Aucun quiz correspondant
Distribution des résultats
% des personnes avec chaque résultat
Percentile par nombre de réponses
Votre historique - résultats
Vous n’avez pas pris ce quiz